<?xml version="1.0" encoding="UTF-8"?><?xml-stylesheet type="text/xsl" href="static/style.xsl"?><OAI-PMH xmlns="http://www.openarchives.org/OAI/2.0/" xmlns:xsi="http://www.w3.org/2001/XMLSchema-instance" xsi:schemaLocation="http://www.openarchives.org/OAI/2.0/ http://www.openarchives.org/OAI/2.0/OAI-PMH.xsd"><responseDate>2026-04-17T20:06:34Z</responseDate><request verb="GetRecord" identifier="oai:www.recercat.cat:10256/16725" metadataPrefix="marc">https://recercat.cat/oai/request</request><GetRecord><record><header><identifier>oai:recercat.cat:10256/16725</identifier><datestamp>2024-06-18T12:31:11Z</datestamp><setSpec>com_2072_452955</setSpec><setSpec>com_2072_2054</setSpec><setSpec>col_2072_453072</setSpec></header><metadata><record xmlns="http://www.loc.gov/MARC21/slim" xmlns:dcterms="http://purl.org/dc/terms/" xmlns:xsi="http://www.w3.org/2001/XMLSchema-instance" xmlns:doc="http://www.lyncode.com/xoai" xsi:schemaLocation="http://www.loc.gov/MARC21/slim http://www.loc.gov/standards/marcxml/schema/MARC21slim.xsd">
   <leader>00925njm 22002777a 4500</leader>
   <datafield ind2=" " ind1=" " tag="042">
      <subfield code="a">dc</subfield>
   </datafield>
   <datafield ind2=" " ind1=" " tag="720">
      <subfield code="a">Carneiro de Alcantara, Stefania</subfield>
      <subfield code="e">author</subfield>
   </datafield>
   <datafield ind2=" " ind1=" " tag="720">
      <subfield code="a">González Carrasco, Mònica</subfield>
      <subfield code="e">author</subfield>
   </datafield>
   <datafield ind2=" " ind1=" " tag="720">
      <subfield code="a">Montserrat Boada, Carme</subfield>
      <subfield code="e">author</subfield>
   </datafield>
   <datafield ind2=" " ind1=" " tag="720">
      <subfield code="a">Casas Aznar, Ferran</subfield>
      <subfield code="e">author</subfield>
   </datafield>
   <datafield ind2=" " ind1=" " tag="720">
      <subfield code="a">Viñas i Poch, Ferran</subfield>
      <subfield code="e">author</subfield>
   </datafield>
   <datafield ind2=" " ind1=" " tag="720">
      <subfield code="a">Pereira de Abreu, Desirée</subfield>
      <subfield code="e">author</subfield>
   </datafield>
   <datafield ind2=" " ind1=" " tag="260">
      <subfield code="c">2019-01-01</subfield>
   </datafield>
   <datafield ind2=" " ind1=" " tag="520">
      <subfield code="a">The scope of this study is to analyze the implications of peer violence in the school context, the school environment and the perceived developmental contexts on the subjective well-being of children and adolescents. The sample is comprised of 910 students in Years 6 and 7 of primary school in 27 urban and rural public and private schools in Ceará. It is a quantitative cross-sectional study and the following tools were used: scales measuring victimization and aggression among peers and the school environment; three indices on perceptions of developmental contexts (home, school, neighborhood); and three well-being scales (Students’ Life Satisfaction Scale, Personal Well-being Index and Single item on Overall Life Satisfaction). Data were analyzed using multivariate variance analysis, with a significance level below 0, 01. Results indicate that bullying, alone or in interaction with the variables analyzed, is the variable that has the greatest impact on the well-being of the population studied, whereby those involved in bullying have the lowest well-being averages. Low levels of perception regarding the contexts of home, school and neighborhood and the school environment, as well as attending a public school and/or living in rural areas, are all also associated with low subjective well-being</subfield>
   </datafield>
   <datafield ind2=" " ind1=" " tag="520">
      <subfield code="a">O objetivo desta pesquisa é analisar as implicações da violência entre pares no contexto escolar, do clima escolar e da percepção dos contextos de desenvolvimento no bem-estar subjetivo de crianças e adolescentes. A amostra é composta por 910 estudantes do 6º e 7º ano do ensino fundamental, de 27 escolas, públicas e privadas, urbanas e rurais do Ceará. Trata-se de um estudo transversal quantitativo que utilizou os instrumentos escala de vitimização e agressão entre pares e de clima escolar; três índices de percepção dos contextos de desenvolvimento (casa, escola, bairro); três escalas de bem-estar (satisfação com a vida para estudantes, índice de bem-estar pessoal e item único de satisfação com a vida) para coleta de dados. Os dados passaram por análise de variância multivariada com nível de significância não superior a 0,01. Os resultados indicam que a tipologia bullying, isoladamente ou em interação com as variáveis analisadas, é a que mais impacto exerce sobre o bem-estar da população estudada, sendo os envolvidos os que apresentam as menores médias de bem-estar. Níveis baixos de percepção dos contextos casa, escola, bairro, e do clima escolar, bem como estudar em escola pública e/ou morar em zona rural, estão igualmente associados a bem-estar subjetivo baixo</subfield>
   </datafield>
   <datafield ind1="8" ind2=" " tag="024">
      <subfield code="a">http://hdl.handle.net/10256/16725</subfield>
   </datafield>
   <datafield tag="653" ind2=" " ind1=" ">
      <subfield code="a">Violència juvenil</subfield>
   </datafield>
   <datafield tag="653" ind2=" " ind1=" ">
      <subfield code="a">Violence in adolescence</subfield>
   </datafield>
   <datafield tag="653" ind2=" " ind1=" ">
      <subfield code="a">Qualitat de vida</subfield>
   </datafield>
   <datafield tag="653" ind2=" " ind1=" ">
      <subfield code="a">Quality of life</subfield>
   </datafield>
   <datafield tag="653" ind2=" " ind1=" ">
      <subfield code="a">Adolescents</subfield>
   </datafield>
   <datafield tag="653" ind2=" " ind1=" ">
      <subfield code="a">Teenagers</subfield>
   </datafield>
   <datafield tag="653" ind2=" " ind1=" ">
      <subfield code="a">Assetjament escolar</subfield>
   </datafield>
   <datafield tag="653" ind2=" " ind1=" ">
      <subfield code="a">Bullying in schools</subfield>
   </datafield>
   <datafield ind2="0" ind1="0" tag="245">
      <subfield code="a">Violência entre pares, clima escolar e contextos de desenvolvimento: suas implicações no bem-estar = Peer violence, school environment and developmental contexts: Its effects on well-being</subfield>
   </datafield>
</record></metadata></record></GetRecord></OAI-PMH>